Proekt na metodika za izčisljavane na individualnite rabotni zaplati vav VUZ pri novite ekonomičeski uslovija.
Riešenie matematickej úlohy optimálneho rozdelenia dopredu určenej sumy - mzdového fondu. Optimálne rozdelenie mzdového fondu realizuje základné právo pracujúcich na maximálne spravodlivé rozdelenie odmeny z celkového fondu. Prezentácia algoritmov použitia metódy realizovateľnej počítačovými program...
Guardado en:
| Autor principal: | |
|---|---|
| Otros Autores: | |
| Formato: | Capítulo de libro |
| Lenguaje: | búlgaro |
| Materias: | |
| Etiquetas: |
Sin Etiquetas, Sea el primero en etiquetar este registro!
|
MARC
| LEADER | 00000naa a2200000 4500 | ||
|---|---|---|---|
| 001 | r007544 | ||
| 005 | 20221125115034.7 | ||
| 041 | 0 | |a bul | |
| 044 | |a BG | ||
| 245 | 1 | 0 | |a Proekt na metodika za izčisljavane na individualnite rabotni zaplati vav VUZ pri novite ekonomičeski uslovija. |c N. Takučev, D. Bobevska |
| 520 | |a Riešenie matematickej úlohy optimálneho rozdelenia dopredu určenej sumy - mzdového fondu. Optimálne rozdelenie mzdového fondu realizuje základné právo pracujúcich na maximálne spravodlivé rozdelenie odmeny z celkového fondu. Prezentácia algoritmov použitia metódy realizovateľnej počítačovými programami. Automatizácia umožňuje pružne meniť individuálnu mzdu v rozpočtovom zariadení pri akýchkoľvek zmenách v podmienkach práce. | ||
| 610 | 2 | 0 | |a mzdy |
| 610 | 2 | 0 | |a školy vysoké |
| 610 | 2 | 0 | |a fond odmien |
| 610 | 2 | 0 | |a odmeňovanie |
| 610 | 2 | 0 | |a algoritmy |
| 610 | 2 | 0 | |a využitie počítačov |
| 610 | 2 | 0 | |a automatizácia administratívy |
| 610 | 2 | 0 | |a podmienky pracovné |
| 610 | 2 | 0 | |a metodika |
| 100 | 1 | |a Takučev, N. | |
| 700 | 1 | |a Bobevska, D. | |